| 000 | 00570nam a22002057a 4500 | ||
|---|---|---|---|
| 003 | OSt | ||
| 005 | 20140310182757.0 | ||
| 008 | 130207t xxu||||| |||| 00| 0 eng d | ||
| 020 | _a9814096318 | ||
| 050 |
_aHD 66 _b.P42 1999 |
||
| 100 | _aPell, Arthur R. | ||
| 245 |
_aThe complete idiot's guide to team building / _cArthur R. Pell |
||
| 260 |
_aSingapore : _bPearson Education Asia, _c1999. |
||
| 300 |
_axx, 412 p. : _bill. ; _c24 cm. |
||
| 521 | _aBSBA | ||
| 650 | _aHuman Resource Management. | ||
| 650 | _aExercises | ||
| 942 |
_2lcc _cBK _kFOR |
||
| 999 |
_c15883 _d15883 |
||